US policy towards South Asia : (Record no. 16297)
[ view plain ]
| 000 -LEADER | |
|---|---|
| fixed length control field | 01229nam a22002775a 4500 |
| 005 - DATE AND TIME OF LATEST TRANSACTION | |
| control field | 20080703100559.0 |
| 008 - FIXED-LENGTH DATA ELEMENTS--GENERAL INFORMATION | |
| fixed length control field | 080326s2008 ii b 011 0 eng |
| 010 ## - LCCN (DPL NO) | |
| LC control number | ENG-91180 |
| 020 ## - INTERNATIONAL STANDARD BOOK NUMBER | |
| International Standard Book Number | 9788189901646 |
| Terms of availability | 750.00 |
| 035 ## - SYSTEM CONTROL NUMBER | |
| System control number | EN-74713 |
| 040 ## - CATALOGING SOURCE | |
| Original cataloging agency | dpl |
| Language of cataloging | English |
| 082 ## - DEWEY DECIMAL CLASSIFICATION NUMBER | |
| Classification number | 327.73054 |
| 245 ## - TITLE STATEMENT | |
| Title | US policy towards South Asia : |
| Remainder of title | focus on sixty years / |
| Statement of responsibility, etc | edited by M. Saleem Kidwai. |
| 246 ## - VARYING FORM OF TITLE | |
| Title proper/short title | U.S. policy towards South Asia |
| 260 ## - PUBLICATION, DISTRIBUTION, ETC. (IMPRINT) | |
| Place of publication, distribution, etc | Delhi : |
| Name of publisher, distributor, etc | Academic Excellence, |
| Date of publication, distribution, etc | 2008. |
| 270 ## - ADDRESS | |
| Address | 42, Ekta Apartment, Geeta Colony, |
| City | Delhi |
| Postal code | 110031 |
| 300 ## - PHYSICAL DESCRIPTION | |
| Extent | xii, 285 p. ; |
| Dimensions | 22 cm (Hb) |
| 504 ## - BIBLIOGRAPHY, ETC. NOTE | |
| Bibliography, etc | Includes bibliographical references and index. |
| 520 ## - SUMMARY, ETC. | |
| Summary, etc | Contributed articles published to commemorate a festschrift of Prof. M.S. Venkataramani (1925-2006). |
| 651 ## - SUBJECT ADDED ENTRY--GEOGRAPHIC NAME | |
| Geographic name | United States |
| General subdivision | Foreign relations |
| Geographic subdivision | South Asia |
| 651 ## - SUBJECT ADDED ENTRY--GEOGRAPHIC NAME | |
| Geographic name | South Asia |
| General subdivision | Foreign relations |
| Geographic subdivision | United States |
| 700 ## - ADDED ENTRY--PERSONAL NAME | |
| Personal name | Kidwai, M. Saleem. |
| 856 ## - ELECTRONIC LOCATION AND ACCESS | |
| Uniform Resource Identifier | <a href="http://www.loc.gov/catdir/toc/fy0804/2008305701.html">http://www.loc.gov/catdir/toc/fy0804/2008305701.html</a> |
| 942 ## - ADDED ENTRY ELEMENTS (KOHA) | |
| Source of classification or shelving scheme | Dewey Decimal Classification |
| Item type | English Books |
| Call number suffix | USP |
| Classification part | 327.73054 |
| Withdrawn status | Lost status | Source of classification or shelving scheme | Damaged status | Not for loan | Home library | Current library | Date acquired | Source of acquisition | Cost, normal purchase price | Total Checkouts | Full call number | Barcode | Date last seen | Copy number | Cost, replacement price | Koha item type |
|---|---|---|---|---|---|---|---|---|---|---|---|---|---|---|---|---|
| Dewey Decimal Classification | Not For Loan | D.B.Act.Division | D.B.Act.Division | 07/10/2008 | DBAD / PUB | 750.00 | 327.73054 USP | EN-74713 | 07/10/2008 | 1 | 750.00 | English Books |
